ドボンクイズ~人口5万以上の市町を選べ~ - Statistics

General Stats
  • This quiz has been taken 945 times
  • The average score is 3 of 26
Answers on the Grid
Answers color-coded by a green-red scale on the quiz's grid according to % correct below.
銚子市
宮古島市
桜井市
村上市
那珂市
安中市
南魚沼市
富谷市
府中町
浜田市
二本松市
伊万里市
阿見町
野洲市
南相馬市
紀の川市
東金市
泉南市
十和田市
瑞穂市
日田市
丹波市
東浦町
むつ市
富里市
那珂川市
結城市
幸手市
須坂市
裾野市
阪南市
朝倉市
坂出市
みどり市
石垣市
岩倉市
東根市
光市
諏訪市
小美玉市
大網白里市
武雄市
南城市
高浜市
美濃加茂市
栗原市
加賀市
藤岡市
 
Answer Stats
Answer % Correct
府中町
27%
十和田市
23%
銚子市
20%
加賀市
20%
野洲市
14%
南相馬市
14%
村上市
13%
二本松市
13%
紀の川市
13%
栗原市
13%
泉南市
12%
伊万里市
11%
日田市
11%
阿見町
10%
美濃加茂市
10%
藤岡市
10%
宮古島市
9%
浜田市
9%
東金市
9%
桜井市
8%
那珂市
8%
南魚沼市
8%
富谷市
8%
瑞穂市
7%
丹波市
7%
安中市
6%
No matching quizzes found
Score Distribution
Percent of People with Each Score
Percentile by Number Answered
Your Score History
You have not taken this quiz